Information about publications and leaders in general education (Record no. 22204)
[ view plain ]
| 000 -LEADER | |
|---|---|
| fixed length control field | 00930cam a22002531 4500 |
| 001 - CONTROL NUMBER | |
| control field | e 53000059 |
| 003 - CONTROL NUMBER IDENTIFIER | |
| control field | DLC |
| 005 - DATE AND TIME OF LATEST TRANSACTION | |
| control field | 20260227111235.0 |
| 008 - FIXED-LENGTH DATA ELEMENTS--GENERAL INFORMATION | |
| fixed length control field | 800902s1953 dcu 000 0 eng |
| 010 ## - LIBRARY OF CONGRESS CONTROL NUMBER | |
| LC control number | e 53000059 |
| 035 ## - SYSTEM CONTROL NUMBER | |
| System control number | (OCoLC)6672115 |
| 040 ## - CATALOGING SOURCE | |
| Original cataloging agency | DLC |
| Transcribing agency | PPD |
| Modifying agency | OCoLC |
| -- | DLC |
| 042 ## - AUTHENTICATION CODE | |
| Authentication code | premarc |
| 050 00 - LIBRARY OF CONGRESS CALL NUMBER | |
| Classification number | LB2305 |
| Item number | .U5 no. 1 |
| 110 1# - MAIN ENTRY--CORPORATE NAME | |
| Corporate name or jurisdiction name as entry element | United States. |
| Subordinate unit | Office of Education. |
| -- | Division of Higher Education. |
| 245 10 - TITLE STATEMENT | |
| Title | Information about publications and leaders in general education |
| Statement of responsibility, etc. | [by] General and Liberal Education Branch, Division of Higher Education. |
| 260 ## - PUBLICATION, DISTRIBUTION, ETC. | |
| Place of publication, distribution, etc. | [Washington, |
| Date of publication, distribution, etc. | 1953- |
| 300 ## - PHYSICAL DESCRIPTION | |
| Extent | 1 v. (loose-leaf) |
| Dimensions | 27 cm. |
| 490 1# - SERIES STATEMENT | |
| Series statement | Its Loose leaf circular, |
| Volume/sequential designation | no. 1 |
| 650 #0 - SUBJECT ADDED ENTRY--TOPICAL TERM | |
| Topical term or geographic name entry element | Education, Higher. |
| 650 #0 - SUBJECT ADDED ENTRY--TOPICAL TERM | |
| Topical term or geographic name entry element | Education, Higher |
| Form subdivision | Bibliography. |
| 740 0# - ADDED ENTRY--UNCONTROLLED RELATED/ANALYTICAL TITLE | |
| Uncontrolled related/analytical title | General education. |
| 810 1# - SERIES ADDED ENTRY--CORPORATE NAME | |
| Corporate name or jurisdiction name as entry element | United States. |
| Subordinate unit | Office of Education. |
| -- | Division of Higher Education. |
| Title of a work | Loose leaf circular, |
| Volume/sequential designation | no. 1. |
No items available.